| 000 | 00647cam a22002293a 4500 | ||
|---|---|---|---|
| 001 | 29970 | ||
| 003 | PGUSA | ||
| 005 | 20140828083640.0 | ||
| 008 | 090912s2009||||xxu|||||s|||||000 | eng d | ||
| 040 |
_aPGUSA _beng |
||
| 042 | _adc | ||
| 050 | 4 | _aTX | |
| 100 | 1 | _aMoore, Cora | |
| 245 | 1 | 0 |
_aTwenty-four Little French Dinners and How to Cook and Serve Them _h[electronic resource] / _cCora Moore |
| 260 |
_bProject Gutenberg, _c2009 |
||
| 506 | _aPublic domain in the USA. | ||
| 516 | _aElectronic text | ||
| 653 | _aCooking, French | ||
| 830 | 0 |
_aProject Gutenberg _v29970 |
|
| 856 | 4 | 0 | _uhttp://www.gutenberg.org/ebooks/29970 |
| 942 | _cEB | ||
| 999 |
_c259225 _d259225 |
||